[Event "Quebec-ch Intercoll"]
[Site "Sainte Foy"]
[Date "1983.04.02"]
[Round "4"]
[White "Page, Serge"]
[Black "Gagnon, Fabien"]
[Result "0-1"]
[WhiteElo "1500"]
[BlackElo "1475"]
[PlyCount "98"]
[EventDate "1983.04.01"]
[EventType "swiss"]
[EventRounds "6"]
[EventCountry "CAN"]
[SourceTitle "EXT 2022"]
[Source "ChessBase"]
[SourceDate "2021.10.06"]
[SourceVersion "1"]
[SourceVersionDate "2021.10.06"]
[SourceQuality "1"]

1. e4 e6 2. d4 d5 3. exd5 exd5 4. Nc3 Bb4 5. Bd2 Nf6 6. a3 Bxc3 7. Bxc3 Bf5 8. Nf3 0-0 9. Be2 Re8 10. 0-0 Nbd7 11. Bd3 Bg4 12. Be2 c6 13. Re1 Qc7 14. Ne5 Nxe5 15. dxe5 Bxe2 16. Qxe2 Re6 17. Qf3 Nd7 18. Qg3 Rae8 19. f4 Qb6+ 20. Qe3 Qxe3+ 21. Rxe3 Nf6 22. h3 Rd8 23. Bd4 Nd7 24. f5 Re7 25. e6 Nb6 26. Bc5 Ree8 27. exf7+ Kxf7 28. Bxb6 axb6 29. Rae1 Rxe3 30. Rxe3 Rd7 31. c3 d4 32. Rd3 c5 33. cxd4 Rxd4 34. Rxd4 cxd4 35. Kf2 Kf6 36. g4 h5 37. gxh5 Kxf5 38. Ke2 Ke4 39. a4 d3+ 40. Kd2 Kd4 41. b3 Ke4 42. Ke1 Ke3 43. h4 d2+ 44. Kd1 Kd3 45. b4 Ke3 46. h6 gxh6 47. h5 Kd3 48. a5 bxa5 49. bxa5 Ke3 0-1